00398nam a2200157Ia 4500001000500000005001700005008004100022041000800063082001300071100002600084245007700110260000900187300002800196650000800224654000800232141820260306143727.0260306t2007||||xx |||||||||||||| ||spa|| aESP a150bM26 aMarino, JuliáneAUT 0aConceptos en psicología:banálisis epistemológico y metodológico c2007 a187 páginas :c24 cm. aGEN aCPS